Skip to content
VuFind
All Fields
Title
Author
Subject
Call Number
ISBN/ISSN
Tag
Find
Advanced
Nafas usia
Cite this
Print
Export Record
Export to RefWorks
Export to EndNoteWeb
Export to EndNote
Export to MARC
Nafas usia
Bibliographic Details
Format:
Book
Holdings
Description
Similar Items
Staff View
MARC
LEADER
00000cam a2200000 7i4500
001
0000008593
002
000009366
005
20000330.0
020
|a
9838931624
090
0
0
|a
F
|b
ARI
245
1
0
|a
Nafas usia
999
|a
039627
|b
BUKU
|c
PINJAMAN
|e
PERPUSTAKAAN KOMUNITI PETALING JAYA
Similar Items
Nafas-Nafas Cinta
by: Richie Rachman
Published: (1994)
Nafas-nafas Cinta
Nafas terakhir
by: Murad Arshad
Published: (2007)
Nafas cinta [
by: Jailani Ghani
Puisi nafas-nafas nurani
by: Suhaimi Haji Muhammad
Published: (2007)